[Event "Barcelona IM 10th"]
[Site "Barcelona"]
[Date "2011.01.04"]
[Round "9"]
[White "Hernandez, Ivan"]
[Black "Gonzalez Rodriguez, Jorge Armando"]
[Result "0-1"]
[WhiteElo "2313"]
[BlackElo "2401"]
[PlyCount "130"]
[EventDate "2010.12.26"]
[EventType "tourn"]
[EventRounds "9"]
[EventCountry "ESP"]
[EventCategory "3"]
[SourceTitle "CBM 140 Extra"]
[Source "ChessBase"]
[SourceDate "2011.03.01"]
[SourceVersion "1"]
[SourceVersionDate "2011.03.01"]
[SourceQuality "1"]

1. Nf3 Nf6 2. c4 c5 3. Nc3 b6 4. g3 Bb7 5. Bg2 g6 6. 0-0 Bg7 7. d4 cxd4 8. Qxd4 d6 9. Rd1 Nbd7 10. Be3 0-0 11. Qh4 Rc8 12. Rac1 a6 13. Bh3 Re8 14. b3 Rc7 15. Ne1 Nc5 16. Nd3 Bc8 17. Nb4 Bxh3 18. Qxh3 Qc8 19. Qxc8 Rexc8 20. Ncd5 Nxd5 21. cxd5 Kf8 22. Kg2 Ke8 23. Rc2 Kd7 24. Rdc1 a5 25. Nc6 e6 26. Bxc5 dxc5 27. e4 f5 28. f3 Kd6 29. Rd1 Re8 30. Rd3 g5 31. g4 fxe4 32. fxe4 exd5 33. exd5 Re4 34. h3 Bd4 35. Nxd4 cxd4 36. Rf2 Kxd5 37. Rf8 Rc2+ 38. Kf3 Rf4+ 39. Rxf4 gxf4 40. Kxf4 Rxa2 41. h4 Ra3 42. g5 a4 43. h5 Rxb3 44. g6 hxg6 45. hxg6 Ke6 46. Rxd4 a3 47. g7 Kf7 48. Rd7+ Kg8 49. Ke5 b5 50. Kf6 Kh7 51. g8Q+ Kxg8 52. Rd8+ Kh7 53. Rd7+ Kh6 54. Rd8 Rf3+ 55. Ke5 Rf2 56. Kd4 a2 57. Ra8 Kg5 58. Kc5 Rb2 59. Kd4 b4 60. Ra6 b3 61. Kc3 Rb1 62. Ra7 Kf6 63. Ra6+ Ke5 64. Ra5+ Ke4 65. Ra4+ Ke3 0-1

[Event "Barcelona IM 10th"]
[Site "Barcelona"]
[Date "2011.01.03"]
[Round "8"]
[White "Gonzalez Rodriguez, Raul Omar"]
[Black "Hernandez, Ivan"]
[Result "1/2-1/2"]
[WhiteElo "2279"]
[BlackElo "2313"]
[PlyCount "21"]
[EventDate "2010.12.26"]
[EventType "tourn"]
[EventRounds "9"]
[EventCountry "ESP"]
[EventCategory "3"]
[SourceTitle "CBM 140 Extra"]
[Source "ChessBase"]
[SourceDate "2011.03.01"]
[SourceVersion "1"]
[SourceVersionDate "2011.03.01"]
[SourceQuality "1"]

1. d4 Nf6 2. e3 e6 3. c4 b6 4. Nf3 Bb7 5. Nc3 Bb4 6. Bd2 0-0 7. Bd3 Bxc3 8. Bxc3 Ne4 9. Rc1 d6 10. b3 Nxc3 11. Rxc3 1/2-1/2

[Event "Barcelona IM 10th"]
[Site "Barcelona"]
[Date "2010.12.28"]
[Round "3"]
[White "Sanchez Ibern, Marc"]
[Black "Hernandez, Ivan"]
[Result "0-1"]
[WhiteElo "2314"]
[BlackElo "2313"]
[PlyCount "105"]
[EventDate "2010.12.26"]
[EventType "tourn"]
[EventRounds "9"]
[EventCountry "ESP"]
[EventCategory "3"]
[SourceTitle "CBM 140 Extra"]
[Source "ChessBase"]
[SourceDate "2011.03.01"]
[SourceVersion "1"]
[SourceVersionDate "2011.03.01"]
[SourceQuality "1"]

1. e4 c5 2. Nf3 Nc6 3. Nc3 e6 4. d4 cxd4 5. Nxd4 Qc7 6. Ndb5 Qb8 7. Be3 a6 8. Bb6 axb5 9. Nxb5 Bb4+ 10. c3 Ba5 11. Nc7+ Qxc7 12. Bxc7 Bxc7 13. Qg4 Be5 14. f4 Nf6 15. Qf3 Bc7 16. Bd3 e5 17. f5 0-0 18. 0-0 Ne7 19. c4 b5 20. c5 Bb7 21. g4 Nc6 22. Qd1 Nd4 23. Re1 d5 24. cxd6 Bxd6 25. g5 Nd7 26. Qg4 Nc5 27. Re3 g6 28. Rh3 Nxd3 29. Qh4 Nf3+ 30. Rxf3 Nf4 31. Re1 gxf5 32. Rxf4 exf4 33. exf5 Rfe8 34. g6 hxg6 35. fxg6 fxg6 36. Rxe8+ Rxe8 37. Qg5 Be4 38. Qxb5 Rc8 39. Qb3+ Kg7 40. Qd1 Bc5+ 41. Kf1 Bf5 42. Qd5 Be3 43. Qe5+ Kh6 44. h4 Bh3+ 45. Ke2 Bg4+ 46. Kd3 Bf5+ 47. Ke2 Rc2+ 48. Kd1 Rc1+ 49. Ke2 Bg4+ 50. Kd3 Bf5+ 51. Ke2 Rc2+ 52. Kd1 Kh7 53. Ke1 0-1

[Event "Barcelona Sants op 10th"]
[Site "Barcelona"]
[Date "2008.08.24"]
[Round "3"]
[White "Oms Pallisse, Josep"]
[Black "Hernandez, Ivan"]
[Result "1-0"]
[WhiteElo "2514"]
[BlackElo "2344"]
[PlyCount "79"]
[EventDate "2008.08.22"]
[EventType "swiss"]
[EventRounds "10"]
[EventCountry "ESP"]
[SourceTitle "CBM 126 Extra"]
[Source "ChessBase"]
[SourceDate "2008.11.05"]
[SourceVersion "1"]
[SourceVersionDate "2008.11.05"]
[SourceQuality "1"]

1. d4 d5 2. c4 dxc4 3. Nf3 Nf6 4. e3 e6 5. Bxc4 c5 6. 0-0 a6 7. Bb3 b5 8. a4 b4 9. Nbd2 Be7 10. e4 cxd4 11. e5 Nfd7 12. Nc4 Nc5 13. Nxd4 0-0 14. Be3 Bb7 15. Qg4 Kh8 16. Bc2 Nbd7 17. Rad1 Rc8 18. Nf3 b3 19. Bb1 Bd5 20. Ng5 Bxg5 21. Bxg5 Qc7 22. Qh4 f5 23. exf6 Nxf6 24. Nb6 Rcd8 25. Rc1 Kg8 26. Be3 Qxb6 27. Bxc5 Qb7 28. Bxf8 Rxf8 29. Qg3 Rc8 30. f3 Qb6+ 31. Qf2 Qxf2+ 32. Kxf2 Rb8 33. Bd3 Rb4 34. a5 Nd7 35. Bxa6 Ne5 36. Ra1 Kf7 37. Rfc1 Ke7 38. Be2 Kd6 39. a6 Nd7 40. a7 1-0

[Event "Badalona op 34th"]
[Site "Badalona"]
[Date "2008.08.09"]
[Round "9"]
[White "Hernandez, Ivan"]
[Black "Gallego Alcaraz, Andres Felipe"]
[Result "0-1"]
[WhiteElo "2344"]
[BlackElo "2400"]
[PlyCount "196"]
[EventDate "2008.08.01"]
[EventType "swiss"]
[EventRounds "9"]
[EventCountry "ESP"]
[SourceTitle "CBM 125 Extra"]
[Source "ChessBase"]
[SourceDate "2008.09.01"]
[SourceVersion "1"]
[SourceVersionDate "2008.09.01"]
[SourceQuality "1"]

1. Nf3 c5 2. c4 Nf6 3. g3 Nc6 4. Nc3 d5 5. cxd5 Nxd5 6. Bg2 Nc7 7. 0-0 e5 8. d3 Be7 9. Ne1 Bd7 10. f4 exf4 11. Bxf4 0-0 12. Nc2 Ne6 13. Bd2 Ned4 14. Ne3 Re8 15. Rf2 Rc8 16. Rc1 b6 17. Qf1 Ne5 18. Ned5 Bc6 19. Be4 Qd7 20. Rd1 Bd8 21. e3 Ne6 22. d4 Ng4 23. Re2 g6 24. Bg2 Nc7 25. Nxc7 Bxg2 26. Qxg2 Qxc7 27. Nd5 Qc6 28. Bc3 Bg5 29. e4 cxd4 30. Bxd4 Re6 31. h3 Ne5 32. h4 Bh6 33. g4 Bg7 34. g5 Qe8 35. Kh1 Rc4 36. b3 Rc8 37. Rf1 Rec6 38. Bb2 Re6 39. Bd4 Qb5 40. Bxe5 Rxe5 41. Ref2 Rf8 42. Rf4 Qd3 43. Qf3 Qxf3+ 44. R1xf3 h6 45. gxh6 Bxh6 46. Rg4 Kg7 47. Nf6 Rd8 48. Rg2 Rd6 49. Rgf2 Rd1+ 50. Kg2 Rd2 51. Rxd2 Bxd2 52. Rd3 Kxf6 53. Rxd2 Rxe4 54. Kg3 Ke6 55. Rd8 Kf6 56. Ra8 Re1 57. Kf4 Rd1 58. Ke4 a5 59. Rb8 Rd6 60. Rb7 Ke6 61. Kf4 f6 62. Rb8 Rd4+ 63. Kg3 Rb4 64. Rh8 Kf5 65. h5 gxh5 66. Rxh5+ Ke4 67. Rh8 f5 68. Re8+ Kd3 69. Rc8 Ke3 70. Rc3+ Ke4 71. Kf2 Rd4 72. Re3+ Kd5 73. Kf3 Rd2 74. a3 Ra2 75. b4 a4 76. Kf4 Rf2+ 77. Kg5 Rb2 78. Kxf5 Rb3 79. Re5+ Kc4 80. Re4+ Kb5 81. Re5+ Kc4 82. Re4+ Kb5 83. Re5+ Ka6 84. Ke4 Rxa3 85. Kd4 Rh3 86. Rg5 a3 87. Kc4 b5+ 88. Kd4 a2 89. Rg1 Rb3 90. Ra1 Rxb4+ 91. Kc3 Ra4 92. Kb3 Ka5 93. Kc3 Ra3+ 94. Kb2 Kb4 95. Kc2 Rh3 96. Rg1 Rh2+ 97. Kd3 Rb2 98. Rg4+ Kb3 0-1

[Event "Badalona op 34th"]
[Site "Badalona"]
[Date "2008.08.04"]
[Round "4"]
[White "Hernandez, Ivan"]
[Black "Karlsson, Lars"]
[Result "0-1"]
[WhiteElo "2344"]
[BlackElo "2476"]
[PlyCount "108"]
[EventDate "2008.08.01"]
[EventType "swiss"]
[EventRounds "9"]
[EventCountry "ESP"]
[SourceTitle "CBM 125 Extra"]
[Source "ChessBase"]
[SourceDate "2008.09.01"]
[SourceVersion "1"]
[SourceVersionDate "2008.09.01"]
[SourceQuality "1"]

1. d4 d6 2. Nf3 Bg4 3. e4 e6 4. h3 Bh5 5. Nc3 Nd7 6. Be3 Be7 7. Bd3 c6 8. a4 Ngf6 9. Qe2 Bg6 10. 0-0 0-0 11. Nh4 Bxe4 12. Bxe4 Nxe4 13. Nxe4 d5 14. Nf3 dxe4 15. Ne5 f5 16. Bf4 Nf6 17. Rfd1 Nd5 18. Bd2 Bg5 19. c4 Nf4 20. Bxf4 Bxf4 21. c5 Qd5 22. Nc4 Bc7 23. Rac1 Rad8 24. b4 f4 25. Re1 e3 26. fxe3 f3 27. Qf2 fxg2 28. Qxg2 Rf3 29. Nd6 Rxd6 30. cxd6 Bxd6 31. Rc5 Bxc5 32. bxc5 b6 33. cxb6 axb6 34. a5 bxa5 35. Rb1 Rf8 36. Rb7 Qxg2+ 37. Kxg2 Ra8 38. Rb6 a4 39. Rxc6 a3 40. Rc1 a2 41. Ra1 Kf7 42. Kf3 Ra3 43. Kf4 Kf6 44. h4 g6 45. Ke4 h6 46. Rf1+ Ke7 47. Ra1 Kd6 48. Kf4 Kd5 49. h5 gxh5 50. Kf3 h4 51. Kg4 Ke4 52. Kxh4 Ra5 53. Kg4 Kxe3 54. d5 exd5 0-1

[Event "Badalona op 34th"]
[Site "Badalona"]
[Date "2008.08.03"]
[Round "3"]
[White "Pakleza, Zbigniew"]
[Black "Hernandez, Ivan"]
[Result "1/2-1/2"]
[WhiteElo "2495"]
[BlackElo "2344"]
[PlyCount "60"]
[EventDate "2008.08.01"]
[EventType "swiss"]
[EventRounds "9"]
[EventCountry "ESP"]
[SourceTitle "CBM 125 Extra"]
[Source "ChessBase"]
[SourceDate "2008.09.01"]
[SourceVersion "1"]
[SourceVersionDate "2008.09.01"]
[SourceQuality "1"]

1. Nf3 d5 2. d4 Nf6 3. Bf4 c5 4. e3 Nc6 5. c3 e6 6. Nbd2 Bd6 7. Bg3 0-0 8. Bd3 b6 9. Ne5 Bb7 10. f4 Ne7 11. 0-0 Ne4 12. Qc2 f6 13. Nef3 f5 14. Qd1 a5 15. Qe2 c4 16. Bc2 b5 17. Bh4 Bc6 18. Ng5 Qd7 19. Ndf3 Ng6 20. Be1 b4 21. h4 bxc3 22. bxc3 h6 23. Nh3 Ba4 24. Ne5 Nxe5 25. Bxa4 Qxa4 26. fxe5 Be7 27. Nf4 Qd7 28. Ng6 Rfe8 29. g4 Kh7 30. Nxe7 Qxe7 1/2-1/2

[Event "La Roda op 35th"]
[Site "La Roda"]
[Date "2008.03.22"]
[Round "6"]
[White "Cabrera Pino, Alexis"]
[Black "Hernandez, Ivan"]
[Result "1-0"]
[WhiteElo "2491"]
[BlackElo "2314"]
[PlyCount "77"]
[EventDate "2008.03.19"]
[EventType "swiss"]
[EventRounds "9"]
[EventCountry "ESP"]
[SourceTitle "CBM 123 Extra"]
[Source "ChessBase"]
[SourceDate "2008.05.06"]
[SourceVersion "1"]
[SourceVersionDate "2008.05.06"]
[SourceQuality "1"]

1. e4 e6 2. d4 d5 3. Nc3 Nf6 4. e5 Nfd7 5. f4 c5 6. Nf3 Nc6 7. Be3 cxd4 8. Nxd4 Bc5 9. Qd2 0-0 10. 0-0-0 a6 11. Qf2 Nxd4 12. Bxd4 Qc7 13. Bd3 Bxd4 14. Qxd4 Qc5 15. Ne2 b5 16. h4 b4 17. h5 a5 18. h6 g6 19. Qxc5 Nxc5 20. Kd2 Ba6 21. Nd4 Rfc8 22. Ra1 Kf8 23. a3 Bc4 24. axb4 axb4 25. b3 Bxd3 26. cxd3 Ra3 27. Rxa3 bxa3 28. Ra1 Ra8 29. Ra2 f6 30. b4 fxe5 31. fxe5 Nd7 32. Nxe6+ Ke7 33. Nc7 Rf8 34. Rxa3 Nxe5 35. Nxd5+ Ke6 36. Ne3 Rf2+ 37. Kc3 Re2 38. Ra6+ Kd7 39. Nc4 1-0

[Event "Barcelona Sants op 09th"]
[Site "Barcelona"]
[Date "2007.08.31"]
[Round "8"]
[White "Libiszewski, Fabien"]
[Black "Hernandez, Ivan"]
[Result "1/2-1/2"]
[WhiteElo "2469"]
[BlackElo "2303"]
[PlyCount "85"]
[EventDate "2007.08.24"]
[EventType "swiss"]
[EventRounds "10"]
[EventCountry "ESP"]
[SourceTitle "CBM 120 Extra"]
[Source "ChessBase"]
[SourceDate "2007.11.01"]
[SourceVersion "1"]
[SourceVersionDate "2007.11.01"]
[SourceQuality "1"]

1. e4 e6 2. d4 d5 3. Nc3 Nf6 4. e5 Nfd7 5. f4 c5 6. Nf3 Nc6 7. Be3 cxd4 8. Nxd4 Bc5 9. Qd2 0-0 10. 0-0-0 a6 11. Qf2 Nxd4 12. Bxd4 Qc7 13. Bd3 Bxd4 14. Qxd4 Qc5 15. Ne2 b6 16. Rhe1 a5 17. f5 Ba6 18. fxe6 fxe6 19. Qg4 Qe3+ 20. Kb1 Nc5 21. Nc1 Qf4 22. Qh3 h6 23. Nb3 Bxd3 24. cxd3 Nxb3 25. Qxe6+ Kh8 26. axb3 Qd4 27. Qc6 Rac8 28. Qa4 Qf2 29. Rc1 Qd2 30. Qd4 Qxg2 31. e6 a4 32. e7 Rxc1+ 33. Rxc1 Rg8 34. e8Q Rxe8 35. Rg1 axb3 36. Rc1 Re2 37. Ka1 Qf2 38. Qxd5 Rd2 39. Qa8+ Kh7 40. Qe4+ Kh8 41. Qe8+ Kh7 42. Qe4+ Kg8 43. Re1 1/2-1/2

[Event "Sitges op 32nd"]
[Site "Sitges"]
[Date "2006.07.26"]
[Round "6"]
[White "Neelotpal, Das"]
[Black "Hernandez, Ivan"]
[Result "1-0"]
[WhiteElo "2490"]
[BlackElo "2310"]
[PlyCount "63"]
[EventDate "2006.07.21"]
[EventType "swiss"]
[EventRounds "9"]
[EventCountry "ESP"]
[SourceTitle "CBM 113 Extra"]
[Source "ChessBase"]
[SourceDate "2006.09.14"]
[SourceVersion "1"]
[SourceVersionDate "2006.09.14"]
[SourceQuality "1"]

1. e4 e6 2. d4 d5 3. Nd2 c5 4. exd5 Qxd5 5. Ngf3 cxd4 6. Bc4 Qd6 7. 0-0 Nf6 8. Nb3 Nc6 9. Nbxd4 Nxd4 10. Nxd4 a6 11. Bb3 Qc7 12. Qf3 Bd6 13. h3 0-0 14. Bg5 Nd7 15. c3 b6 16. Bc2 Bb7 17. Qh5 g6 18. Qh4 Rfe8 19. Rad1 Bh2+ 20. Kh1 Be5 21. Ne2 Bg7 22. Ng3 f5 23. f3 Nf8 24. Ne2 e5 25. Rd2 e4 26. fxe4 Bxe4 27. Bb3+ Kh8 28. Rfd1 Ra7 29. Nf4 Qe5 30. Rd6 b5 31. Rf6 Rf7 32. Rxf7 1-0

[Event "Sitges op 32nd"]
[Site "Sitges"]
[Date "2006.07.25"]
[Round "5"]
[White "Hernando Rodrigo, Jose Maria"]
[Black "Hernandez, Ivan"]
[Result "0-1"]
[WhiteElo "2400"]
[BlackElo "2310"]
[PlyCount "84"]
[EventDate "2006.07.21"]
[EventType "swiss"]
[EventRounds "9"]
[EventCountry "ESP"]
[SourceTitle "CBM 113 Extra"]
[Source "ChessBase"]
[SourceDate "2006.09.14"]
[SourceVersion "1"]
[SourceVersionDate "2006.09.14"]
[SourceQuality "1"]

1. d4 Nf6 2. Nf3 e6 3. Bg5 c5 4. e4 cxd4 5. e5 h6 6. Bh4 Qa5+ 7. Qd2 Qxd2+ 8. Nbxd2 Nd5 9. Nxd4 d6 10. exd6 Bxd6 11. 0-0-0 Bd7 12. Bc4 Nb6 13. Be2 Nc6 14. Nb5 Bf4 15. Bg3 Bxg3 16. hxg3 Ke7 17. Ne4 Nb4 18. a3 Bc6 19. Nc5 N4d5 20. Nd4 Nf6 21. Nxc6+ bxc6 22. Bf3 Rac8 23. Rh4 Rhd8 24. Rhd4 Rxd4 25. Rxd4 Nbd7 26. Nxd7 Nxd7 27. Ra4 Rc7 28. Ra6 Kd6 29. b4 Nb6 30. c3 c5 31. Kd2 f5 32. a4 Ke5 33. a5 Nc4+ 34. Ke2 cxb4 35. cxb4 Nd6 36. Rc6 Rxc6 37. Bxc6 Kd4 38. b5 Kc5 39. b6 Kxc6 40. bxa7 Kb7 41. Kd3 e5 42. Kc3 Ne4+ 0-1

[Event "Badalona op 32nd"]
[Site "Badalona"]
[Date "2006.07.05"]
[Round "4.9"]
[White "Lopez Martinez, Josep Manuel"]
[Black "Hernandez, Ivan"]
[Result "1-0"]
[WhiteElo "2480"]
[BlackElo "2310"]
[PlyCount "113"]
[EventDate "2006.07.02"]
[EventType "swiss"]
[EventRounds "9"]
[EventCountry "ESP"]
[SourceTitle "EXT 2022"]
[Source "ChessBase"]
[SourceDate "2021.10.06"]
[SourceVersion "1"]
[SourceVersionDate "2021.10.06"]
[SourceQuality "1"]

1. e4 c5 2. Nf3 Nc6 3. d4 cxd4 4. Nxd4 e5 5. Nb5 d6 6. N1c3 a6 7. Na3 b5 8. Nd5 Nce7 9. c4 Nxd5 10. exd5 bxc4 11. Nxc4 Nf6 12. Bd2 Rb8 13. Ba5 Qd7 14. Nb6 Qb7 15. Qa4+ Bd7 16. Nxd7 Qxd7 17. Qxd7+ Nxd7 18. Rc1 Be7 19. Rc6 0-0 20. b3 e4 21. Rxa6 Nc5 22. Ra7 Bf6 23. Bc7 Ra8 24. Bb6 Bd4 25. Bxc5 Bxc5 26. Rxa8 Rxa8 27. a4 Re8 28. Bc4 f5 29. Bb5 Re7 30. Ke2 Kf7 31. Rc1 Ra7 32. Rc4 Ba3 33. Kd2 Bc5 34. Ke2 Ba3 35. b4 Kf6 36. Kd2 Bb2 37. Bc6 Ke5 38. b5 Bd4 39. Rxd4 Kxd4 40. b6 Rf7 41. a5 Kc5 42. b7 Rf8 43. Ke3 g6 44. g4 fxg4 45. Kxe4 h5 46. Bd7 Rb8 47. Bc8 Kb5 48. Kf4 Kxa5 49. Kg5 Kb4 50. Kxg6 h4 51. Kg5 g3 52. fxg3 hxg3 53. hxg3 Kc5 54. Kf6 Kxd5 55. g4 Kc5 56. g5 d5 57. g6 1-0

[Event "Badalona op 32nd"]
[Site "Badalona"]
[Date "2006.07.04"]
[Round "3.10"]
[White "Hernandez, Ivan"]
[Black "Narciso Dublan, Marc"]
[Result "1/2-1/2"]
[WhiteElo "2310"]
[BlackElo "2467"]
[PlyCount "104"]
[EventDate "2006.07.02"]
[EventType "swiss"]
[EventRounds "9"]
[EventCountry "ESP"]
[SourceTitle "EXT 2022"]
[Source "ChessBase"]
[SourceDate "2021.10.06"]
[SourceVersion "1"]
[SourceVersionDate "2021.10.06"]
[SourceQuality "1"]

1. Nf3 c5 2. c4 Nf6 3. Nc3 e6 4. g3 b6 5. Bg2 Bb7 6. 0-0 Be7 7. Re1 d5 8. cxd5 exd5 9. d4 0-0 10. Bf4 Na6 11. Rc1 Ne4 12. a3 Bf6 13. Be5 Bxe5 14. Nxe5 cxd4 15. Qxd4 Nac5 16. Rcd1 Ne6 17. Qd3 Nxc3 18. Qxc3 d4 19. Qb3 Bxg2 20. Kxg2 Qc7 21. Nf3 Rad8 22. Qa4 Qb7 23. Kg1 d3 24. Qc4 b5 25. Qc3 dxe2 26. Rxd8 Rxd8 27. Rxe2 h6 28. Qe3 a5 29. Qe4 Qxe4 30. Rxe4 Rd3 31. Re3 Rxe3 32. fxe3 Kf8 33. Kf2 Ke7 34. e4 Kd6 35. b4 axb4 36. axb4 Ng5 37. Nd4 Nxe4+ 38. Ke3 Nf6 39. Nxb5+ Ke5 40. Kd3 Nd5 41. Kc4 f5 42. Nc3 Nxb4 43. Kxb4 Kd4 44. Nb5+ Ke3 45. Nd6 f4 46. gxf4 Kxf4 47. Kc4 Kg4 48. Kd4 h5 49. Ke4 h4 50. Nf5 g5 51. Ne3+ Kh3 52. Kf3 Kxh2 1/2-1/2

[Event "La Roda op 32nd"]
[Site "La Roda"]
[Date "2005.03.27"]
[Round "8"]
[White "Belezky, Alexander"]
[Black "Hernandez, Ivan"]
[Result "1-0"]
[WhiteElo "2399"]
[BlackElo "2298"]
[PlyCount "63"]
[EventDate "2005.03.23"]
[EventType "swiss"]
[EventRounds "9"]
[EventCountry "ESP"]
[SourceTitle "CBM 105 Extra"]
[Source "ChessBase"]
[SourceDate "2005.05.01"]
[SourceVersion "1"]
[SourceVersionDate "2005.05.01"]
[SourceQuality "1"]

1. e4 e6 2. d3 d5 3. Nd2 c5 4. Ngf3 Nc6 5. g3 Nf6 6. Bg2 Be7 7. 0-0 0-0 8. e5 Nd7 9. Re1 b5 10. Nf1 b4 11. h4 a5 12. Bf4 a4 13. a3 bxa3 14. bxa3 Ba6 15. N1h2 Rb8 16. Ng5 Nd4 17. Ra2 Rb6 18. c3 Nb5 19. Bd2 Qc7 20. c4 dxc4 21. dxc4 Nd4 22. Ba5 Bxc4 23. Rd2 Qa7 24. Bxb6 Nxb6 25. Be4 h6 26. Qh5 Nf5 27. Ng4 hxg5 28. Bxf5 exf5 29. Nf6+ gxf6 30. hxg5 fxg5 31. f3 Qa5 32. Red1 1-0

[Event "Narciso Yepes Memorial"]
[Site "Lorca"]
[Date "2004.??.??"]
[Round "2"]
[White "Hernandez, Ivan"]
[Black "Chalmeta Ugas, Ramon"]
[Result "1/2-1/2"]
[WhiteElo "2318"]
[BlackElo "2085"]
[PlyCount "86"]
[EventDate "2004.06.26"]
[EventType "swiss"]
[EventRounds "9"]
[EventCountry "ESP"]
[SourceTitle "EXT 2005"]
[Source "ChessBase"]
[SourceDate "2004.11.15"]
[SourceVersion "1"]
[SourceVersionDate "2004.11.15"]
[SourceQuality "1"]

1. Nf3 Nf6 2. c4 g6 3. Nc3 d5 4. cxd5 Nxd5 5. e4 Nxc3 6. dxc3 Qxd1+ 7. Kxd1 Bg7 8. Bf4 c5 9. Bb5+ Bd7 10. a4 Nc6 11. Kc2 0-0-0 12. Rhd1 a6 13. Be2 a5 14. Nd2 Be5 15. Be3 b6 16. Bb5 Kb7 17. h3 f6 18. Nc4 Bc7 19. Na3 Be6 20. Bc4 Bxc4 21. Nxc4 Ne5 22. Nxe5 Bxe5 23. Kb3 Kc6 24. Kc4 e6 25. f4 Bc7 26. Rxd8 Rxd8 27. g4 f5 28. Re1 Rf8 29. gxf5 gxf5 30. e5 Rg8 31. Rg1 Rxg1 32. Bxg1 Bd8 33. Bf2 h5 34. Be1 Be7 35. Bf2 Bd8 36. Be1 Be7 37. Bg3 Bd8 38. Bf2 Be7 39. Bg3 Bd8 40. Be1 Be7 41. Bd2 Bd8 42. b4 cxb4 43. cxb4 axb4 1/2-1/2

[Event "Narciso Yepes Memorial"]
[Site "Lorca"]
[Date "2004.??.??"]
[Round "8"]
[White "Hernandez, Ivan"]
[Black "Espineira Gonzalez, Diego Adrian"]
[Result "1-0"]
[WhiteElo "2318"]
[BlackElo "2260"]
[PlyCount "71"]
[EventDate "2004.06.26"]
[EventType "swiss"]
[EventRounds "9"]
[EventCountry "ESP"]
[SourceTitle "EXT 2005"]
[Source "ChessBase"]
[SourceDate "2004.11.15"]
[SourceVersion "1"]
[SourceVersionDate "2004.11.15"]
[SourceQuality "1"]

1. d4 d5 2. c4 c6 3. Nf3 Nf6 4. Nc3 e6 5. Bg5 Nbd7 6. e3 Be7 7. Rc1 0-0 8. Bd3 Re8 9. 0-0 a6 10. cxd5 exd5 11. Qc2 Nf8 12. a3 Ne4 13. Bxe7 Qxe7 14. Bxe4 dxe4 15. Nd2 f5 16. d5 Bd7 17. Qb3 Qf7 18. Nc4 Re7 19. Nd6 Qf6 20. Nxb7 Kh8 21. Nc5 Be8 22. Rfd1 Re5 23. Qb7 Rd8 24. Qxa6 Qe7 25. Nb7 Rb8 26. dxc6 Bxc6 27. Qxc6 Rxb7 28. b4 Re6 29. Qd5 Qf7 30. b5 Rb8 31. a4 Qh5 32. h3 Rg6 33. Nxe4 Qxh3 34. Ng3 Qh4 35. Rd4 Qe7 36. Nxf5 1-0

[Event "Narciso Yepes Memorial"]
[Site "Lorca"]
[Date "2004.??.??"]
[Round "5"]
[White "Sig Vargas, Marcos"]
[Black "Hernandez, Ivan"]
[Result "0-1"]
[WhiteElo "2166"]
[BlackElo "2318"]
[PlyCount "112"]
[EventDate "2004.06.26"]
[EventType "swiss"]
[EventRounds "9"]
[EventCountry "ESP"]
[SourceTitle "EXT 2005"]
[Source "ChessBase"]
[SourceDate "2004.11.15"]
[SourceVersion "1"]
[SourceVersionDate "2004.11.15"]
[SourceQuality "1"]

1. d4 Nf6 2. Nc3 d5 3. e4 e6 4. Bg5 Bb4 5. e5 h6 6. Bd2 Bxc3 7. bxc3 Ne4 8. Qg4 g6 9. Bd3 Nxd2 10. Kxd2 c5 11. h4 Nc6 12. Rh3 Qe7 13. Nf3 Bd7 14. Rb1 0-0-0 15. Qf4 c4 16. Be2 Rdf8 17. Rhh1 f6 18. exf6 Qxf6 19. Qxf6 Rxf6 20. Ke3 Rhf8 21. Rbf1 Rf5 22. g3 Kc7 23. Bd1 Kd6 24. Nh2 e5 25. Bg4 R5f7 26. Bxd7 Rxd7 27. dxe5+ Nxe5 28. f4 Nc6 29. Re1 Kc5 30. Nf3 d4+ 31. cxd4+ Nxd4 32. Nxd4 Rxd4 33. Rd1 Re8+ 34. Kf3 h5 35. g4 hxg4+ 36. Kxg4 Re2 37. Rxd4 Kxd4 38. f5 gxf5+ 39. Kxf5 Rxc2 40. h5 Rxa2 41. h6 Rf2+ 42. Kg6 Rf8 43. Kg7 Rc8 44. Rd1+ Ke3 45. Rd7 c3 46. Re7+ Kd3 47. Rd7+ Ke4 48. Re7+ Kd5 49. Rd7+ Ke6 50. Rd1 b5 51. Re1+ Kd5 52. Rf1 c2 53. h7 b4 54. Rf5+ Ke4 55. Rc5 Rxc5 56. h8Q c1Q 0-1

[Event "Narciso Yepes Memorial"]
[Site "Lorca"]
[Date "2004.??.??"]
[Round "3"]
[White "Trepat Herranz, Joan"]
[Black "Hernandez, Ivan"]
[Result "1-0"]
[WhiteElo "2087"]
[BlackElo "2318"]
[PlyCount "93"]
[EventDate "2004.06.26"]
[EventType "swiss"]
[EventRounds "9"]
[EventCountry "ESP"]
[SourceTitle "EXT 2005"]
[Source "ChessBase"]
[SourceDate "2004.11.15"]
[SourceVersion "1"]
[SourceVersionDate "2004.11.15"]
[SourceQuality "1"]

1. e4 c5 2. Nf3 Nc6 3. d4 cxd4 4. Nxd4 Nf6 5. Nc3 e5 6. Ndb5 d6 7. Bg5 a6 8. Na3 b5 9. Bxf6 gxf6 10. Nd5 f5 11. Bd3 Be6 12. 0-0 Bxd5 13. exd5 Ne7 14. c3 Bg7 15. Qh5 Qc8 16. Rad1 0-0 17. Bb1 e4 18. Nc2 Rb8 19. Qg5 Rb7 20. f3 Kh8 21. Nd4 Rg8 22. Qh5 Nxd5 23. fxe4 Ne3 24. Nxf5 Qc5 25. b4 Qe5 26. Rf3 Bh6 27. Qxh6 Nxd1 28. Qd2 Rc7 29. Qxd1 Rxc3 30. Rxc3 Qxc3 31. Nxd6 Qxb4 32. Nxf7+ Kg7 33. Nd6 Rd8 34. Qg4+ Kf8 35. Qf3+ Ke7 36. Nf5+ Kd7 37. Bd3 Kc7 38. h3 Qe1+ 39. Bf1 Rd2 40. Qc3+ Kb6 41. Ne3 Qf2+ 42. Kh1 Rd7 43. a4 Qd2 44. Qb3 Rd4 45. axb5 axb5 46. Qxb5+ Ka7 47. Nd5 1-0

[Event "El Sauzal op 4th"]
[Site "El Sauzal"]
[Date "2003.11.01"]
[Round "1.14"]
[White "Hernandez, Ivan"]
[Black "Vidarte Morales, Arturo"]
[Result "0-1"]
[WhiteElo "2182"]
[BlackElo "2387"]
[PlyCount "74"]
[EventDate "2003.11.??"]
[EventType "swiss (rapid)"]
[EventRounds "9"]
[EventCountry "ESP"]
[SourceTitle "CBM 097 Extra"]
[Source "ChessBase"]
[SourceDate "2004.01.13"]
[SourceVersion "1"]
[SourceVersionDate "2004.01.13"]
[SourceQuality "1"]

1. e4 c5 2. Nf3 e6 3. d4 cxd4 4. Nxd4 a6 5. Nc3 Qc7 6. Be3 b5 7. Be2 Bb7 8. Bf3 d6 9. Qd2 Nf6 10. a3 Nbd7 11. 0-0 Nc5 12. Rfd1 Ncxe4 13. Nxe4 Nxe4 14. Qe2 d5 15. a4 b4 16. Bxe4 dxe4 17. Nb3 Bd6 18. h3 0-0 19. a5 Bd5 20. Bb6 Qe7 21. Nd4 Qg5 22. Qg4 Qxg4 23. hxg4 Rfc8 24. Rac1 g6 25. c3 bxc3 26. bxc3 e3 27. Ne2 exf2+ 28. Kxf2 Be5 29. Bd4 Bxd4+ 30. Rxd4 Rc5 31. Nf4 Rxa5 32. Nxd5 Rxd5 33. Rb4 Rc5 34. c4 a5 35. Ra4 Rac8 36. Raa1 f5 37. g5 Kg7 0-1

[Event "Cullera op 23rd"]
[Site "Valencia"]
[Date "2002.07.24"]
[Round "7.19"]
[White "Andres Julia, Vicente Ramon"]
[Black "Hernandez, Ivan"]
[Result "0-1"]
[WhiteElo "2062"]
[BlackElo "2246"]
[PlyCount "56"]
[EventDate "2002.07.18"]
[EventType "swiss"]
[EventRounds "9"]
[EventCountry "ESP"]
[SourceTitle "CBM 089 Extra"]
[Source "ChessBase"]
[SourceDate "2002.09.10"]
[SourceVersion "2"]
[SourceVersionDate "2002.09.10"]
[SourceQuality "1"]

1. e4 c5 2. Nc3 Nc6 3. f4 g6 4. Nf3 Bg7 5. Bc4 e6 6. f5 Nge7 7. fxe6 dxe6 8. 0-0 0-0 9. a3 Nd4 10. d3 Nec6 11. Nxd4 cxd4 12. Nb1 Bd7 13. Nd2 Ne5 14. Bb3 b5 15. Nf3 Rc8 16. Nxd4 Qb6 17. Be3 Ng4 18. Qxg4 Bxd4 19. Bxd4 Qxd4+ 20. Kh1 Qxb2 21. Rab1 Qd4 22. Qg5 a5 23. e5 a4 24. Rf4 Qe3 25. h4 axb3 26. cxb3 Rc2 27. h5 Bc6 28. Rg1 Qh3# 0-1